Exploding wires / (Record no. 9337)
[ view plain ]
| 000 -LEADER | |
|---|---|
| fixed length control field | 01296nam a2200301K 4500 |
| 001 - CONTROL NUMBER | |
| control field | 9337 |
| 003 - CONTROL NUMBER IDENTIFIER | |
| rucl marc code | BD-RjUL |
| 005 - DATE AND TIME OF LATEST TRANSACTION | |
| control field | 20211208234748.0 |
| 008 - FIXED-LENGTH DATA ELEMENTS--GENERAL INFORMATION | |
| fixed length control field | 140120s1962 nyua b 001 0 eng d |
| 035 ## - SYSTEM CONTROL NUMBER | |
| System control number | MITb10572780 |
| System control number | (OCoLC)07475004 |
| -- | (BD-RjUL)9382 |
| System control number | GLIS00572780 |
| 040 ## - CATALOGING SOURCE | |
| Original cataloging agency | PLF |
| Transcribing agency | PLF |
| Modifying agency | m/c |
| -- | RCD |
| -- | BD-RjUL |
| Language of cataloging | eng |
| 041 ## - LANGUAGE CODE | |
| Language code of text/sound track or separate title | eng |
| 082 ## - DEWEY DECIMAL CLASSIFICATION NUMBER | |
| Classification number | 537.505 |
| Author mark and year | EXP 1962 |
| 090 ## - LOCALLY ASSIGNED LC-TYPE CALL NUMBER (OCLC); LOCAL CALL NUMBER (OCLC) | |
| Classification number (OCLC) (R) ; Classification number, CALL (RLIN) (NR) | QC703 |
| Local cutter number (OCLC) ; Book number/undivided call number, CALL (RLIN) | .C431 |
| 099 ## - LOCAL FREE-TEXT CALL NUMBER (OCLC) | |
| Bangla Class number | QC703.C431 |
| 245 10 - TITLE STATEMENT | |
| Title | Exploding wires / |
| Statement of responsibility, etc. | edited by William G. Chace and Howard K. Moore. |
| 260 ## - PUBLICATION, DISTRIBUTION, ETC. (IMPRINT) | |
| Place of publication, distribution, etc. | New York /; |
| Name of publisher, distributor, etc. | Plenum Press, |
| Date of publication, distribution, etc. | 1962. |
| 300 ## - PHYSICAL DESCRIPTION | |
| Pagination | 321 p. : |
| Illustrations | illus. ; |
| Size | 22 cm. |
| 500 ## - GENERAL NOTE | |
| General note | Proceedings of the 1st-4th Conference on the exploding wire phenomenon, held at Boston, 1959-67. |
| General note | "Based on Conference on the Exploding Wire Phenomenon, April, 1959, 1961. Conducted by Geophysics Research Directorate, Air Force Cambridge Research Center with the cooperation of Lowell Technological Institute Research Foundation." |
| 504 ## - BIBLIOGRAPHY, ETC. NOTE | |
| Bibliography, etc | Includes bibliographies Index. |
| 650 #0 - SUBJECT ADDED ENTRY--TOPICAL TERM | |
| Topical term or geographic name as entry element | Exploding wire phenomena. |
| 9 (RLIN) | 28879 |
| 711 2# - ADDED ENTRY--MEETING NAME | |
| Meeting name or jurisdiction name as entry element | Conference on the Exploding Wire Phenomenon |
| Date of meeting | (1959-1961 : |
| Location of meeting | Boston, Mass.) |
| 9 (RLIN) | 28949 |
| 942 ## - ADDED ENTRY ELEMENTS (KOHA) | |
| Source of classification or shelving scheme | Dewey Decimal Classification |
| Koha item type | Books |
| 949 ## - LOCAL PROCESSING INFORMATION (OCLC) | |
| a | MYGS |
| v | 1 |
| a | MYGS |
| v | 3 |
| a | MYGE |
| v | 1 |
| a | MYGE |
| v | 2 |
| a | MYGE |
| v | 2 |
| a | MYGE |
| v | 3 |
| a | MYGE |
| v | 4 |
| a | MYGE |
| v | 4 |
| a | MYGY |
| v | 1 |
| a | MYGY |
| v | 2 |
| Lost status | Source of classification or shelving scheme | Materials specified (bound volume or other part) | Damaged status | Not for loan | Collection code | Permanent Location | Current Location | Shelving location | Date acquired | Source of acquisition | Cost, normal purchase price | Total Checkouts | Full call number | Date last seen | Copy number | Koha item type |
|---|---|---|---|---|---|---|---|---|---|---|---|---|---|---|---|---|
| Dewey Decimal Classification | V-2 | Not For Loan | Non-fiction | Central Library, University of Rajshahi | Central Library, University of Rajshahi | Reading Room | 13/11/1963 | Zeitlinger | 0.00 | 537.505 EXP 1962 | 20/01/2014 | C-1 | Books |